[Event "CZE-ch Seniors 60"]
[Site "Rychnov nad Kneznou"]
[Date "2015.08.17"]
[Round "3"]
[White "Vlachopulos, Georgis"]
[Black "Jablecnik, Gustav"]
[Result "0-1"]
[WhiteElo "1878"]
[BlackElo "2102"]
[PlyCount "118"]
[EventDate "2015.08.15"]
[EventType "swiss"]
[EventRounds "9"]
[EventCountry "CZE"]
[SourceTitle "EXT 2016"]
[Source "ChessBase"]
[SourceDate "2015.10.08"]
[SourceVersion "1"]
[SourceVersionDate "2015.10.08"]
[SourceQuality "1"]

1. e4 e5 2. Nf3 Nc6 3. Bc4 Be7 4. d4 d6 5. dxe5 Nxe5 6. Nxe5 dxe5 7. Qh5 g6 8. Qxe5 Nf6 9. Bh6 Rg8 10. Qb5+ Qd7 11. Qb3 Bd6 12. Nd2 c6 13. a4 Ng4 14. Bg5 h6 15. Bh4 Bxh2 16. Nf3 g5 17. Bg3 Bxg3 18. fxg3 Qe7 19. 0-0-0 Be6 20. Bxe6 fxe6 21. Rd2 Rd8 22. Nd4 Rg6 23. Rf1 a6 24. Qf3 Nh2 25. Qh5 Nxf1 26. Qxg6+ Qf7 27. Qxf7+ Kxf7 28. Rf2+ Ke7 29. Nxc6+ bxc6 30. Rxf1 Rd4 31. Re1 Rxa4 32. Kd2 Kd6 33. b3 Rd4+ 34. Ke3 Ke5 35. Ra1 Rxe4+ 36. Kf3 g4+ 37. Kf2 Kd6 38. Rxa6 Re5 39. c4 Re4 40. Ra5 e5 41. Ra8 Kc5 42. Ra4 h5 43. Kf1 Re3 44. Ra5+ Kd4 45. Ra6 Rxb3 46. Ke2 Rb2+ 47. Kd1 c5 48. Rh6 Rxg2 49. Rxh5 Rxg3 50. Ke2 e4 51. Rd5+ Kxc4 52. Rd1 Rd3 53. Ra1 Kd4 54. Ra8 g3 55. Rg8 c4 56. Rg7 c3 57. Rg5 g2 58. Kf2 Rd2+ 59. Ke1 Ra2 0-1

[Event "CZE-chT2E 1011"]
[Site "Czech Republic"]
[Date "2010.10.17"]
[Round "1.5"]
[White "Jablecnik, Gustav"]
[Black "Bacak, Petr Jr"]
[Result "1/2-1/2"]
[WhiteElo "2126"]
[BlackElo "2050"]
[PlyCount "100"]
[EventDate "2010.10.17"]
[EventType "team-tourn"]
[EventRounds "11"]
[EventCountry "CZE"]
[SourceTitle "EXT 2012"]
[Source "ChessBase"]
[SourceDate "2011.11.24"]
[SourceVersion "1"]
[SourceVersionDate "2011.11.24"]
[SourceQuality "1"]
[WhiteTeam "Kromeriz"]
[BlackTeam "Postoupky"]
[WhiteTeamCountry "CZE"]
[BlackTeamCountry "CZE"]

1. e4 d5 2. exd5 Nf6 3. Nc3 Nxd5 4. Ne4 Bf5 5. Ng3 Bg6 6. c3 e6 7. d4 Nd7 8. Nf3 Bd6 9. Bd3 Nf4 10. Bxf4 Bxf4 11. 0-0 0-0 12. Bxg6 hxg6 13. Re1 Bxg3 14. hxg3 c6 15. g4 Qb6 16. Qb3 Rfd8 17. g5 a5 18. Ne5 Qxb3 19. axb3 Nxe5 20. Rxe5 b6 21. f4 Rac8 22. Kf2 Rc7 23. Ra4 Rd5 24. Rxd5 exd5 25. b4 axb4 26. Rxb4 b5 27. b3 Rd7 28. Ke3 Re7+ 29. Kd3 Re4 30. g3 Re1 31. c4 bxc4+ 32. bxc4 Rg1 33. cxd5 cxd5 34. Rb8+ Kh7 35. Rf8 Rxg3+ 36. Ke2 Rg2+ 37. Kf3 Ra2 38. Rxf7 Ra3+ 39. Ke2 Ra4 40. Kd3 Ra3+ 41. Kc2 Kg8 42. Rd7 Rf3 43. Rxd5 Rxf4 44. Kd3 Kf7 45. Re5 Rf1 46. Ke4 Ra1 47. d5 Rd1 48. Ke3 Kf8 49. Kf3 Kf7 50. Ke4 Rd2 1/2-1/2

[Event "CZE-chT2E 0910"]
[Site "Czech Republic"]
[Date "2009.11.08"]
[Round "2.3"]
[White "Jablecnik, Gustav"]
[Black "Koutny, Petr"]
[Result "0-1"]
[WhiteElo "2129"]
[BlackElo "2110"]
[PlyCount "146"]
[EventDate "2009.10.18"]
[EventType "team-tourn"]
[EventRounds "11"]
[EventCountry "CZE"]
[SourceTitle "EXT 2012"]
[Source "ChessBase"]
[SourceDate "2011.11.24"]
[SourceVersion "1"]
[SourceVersionDate "2011.11.24"]
[SourceQuality "1"]
[WhiteTeam "Kromeriz II"]
[BlackTeam "Zlin II"]
[WhiteTeamCountry "CZE"]
[BlackTeamCountry "CZE"]

1. e4 d5 2. exd5 Nf6 3. Nc3 Nxd5 4. Ne4 Bf5 5. Ng3 Bg6 6. c3 e5 7. Nf3 Bd6 8. d4 e4 9. Ng1 0-0 10. Bc4 Nf4 11. Bxf4 Bxf4 12. N1e2 Bd6 13. 0-0 Nc6 14. b4 Kh8 15. Qc1 f5 16. Nf4 Bf7 17. Bxf7 Rxf7 18. b5 Ne7 19. Nge2 g5 20. Ne6 Qd7 21. Nxg5 Rg7 22. g3 Rag8 23. Nh3 Ng6 24. a4 Nh4 25. Kh1 Nf3 26. Nhg1 Ng5 27. Nf4 c6 28. Rb1 Re8 29. Qe3 Qc7 30. Nfe2 Qf7 31. Nf4 Qc4 32. bxc6 Qxc6 33. Rb5 Rf7 34. Nfe2 Nf3 35. d5 Qd7 36. Nxf3 exf3 37. Qxf3 a6 38. Rbb1 Qxa4 39. Nd4 Qc4 40. Rfe1 Re5 41. Rxe5 Bxe5 42. Ne2 a5 43. Rd1 a4 44. Qh5 Qe4+ 45. Kg1 Rf8 46. Qh6 Rd8 47. Qd2 b5 48. Nc1 Qc4 49. Na2 Rd7 50. f4 Bd6 51. h3 Bc5+ 52. Kh2 Re7 53. Nc1 a3 54. d6 Rd7 55. Qe1 Qe4 56. Qxe4 fxe4 57. Rd5 Rxd6 58. Rxd6 Bxd6 59. Kg2 Bc5 60. Na2 Kg7 61. g4 Be3 62. Kg3 Bd2 63. f5 Kf6 64. Kf2 Ke5 65. Ke2 Bg5 66. Nb4 Kf4 67. Kf2 Bh4+ 68. Ke2 Bf6 69. Na2 e3 70. Nb4 Bg5 71. Na2 Kg3 72. f6 Kxh3 73. f7 Be7 0-1

[Event "CZE-chT2E 0910"]
[Site "Czech Republic"]
[Date "2009.10.18"]
[Round "1.3"]
[White "Mlensky, Dalibor"]
[Black "Jablecnik, Gustav"]
[Result "1-0"]
[WhiteElo "2132"]
[BlackElo "2129"]
[PlyCount "131"]
[EventDate "2009.10.18"]
[EventType "team-tourn"]
[EventRounds "11"]
[EventCountry "CZE"]
[SourceTitle "EXT 2012"]
[Source "ChessBase"]
[SourceDate "2011.11.24"]
[SourceVersion "1"]
[SourceVersionDate "2011.11.24"]
[SourceQuality "1"]
[WhiteTeam "Hustopece"]
[BlackTeam "Kromeriz II"]
[WhiteTeamCountry "CZE"]
[BlackTeamCountry "CZE"]

1. e4 e5 2. f4 exf4 3. Bc4 d6 4. Qf3 Nc6 5. Qxf4 Be6 6. Bxe6 fxe6 7. Nf3 Qd7 8. Qe3 0-0-0 9. d4 d5 10. e5 Nh6 11. Qf2 Be7 12. Bxh6 gxh6 13. Nbd2 Rdf8 14. c3 Rhg8 15. 0-0-0 Bg5 16. Qe2 Ne7 17. Nxg5 hxg5 18. Rdf1 Nf5 19. Rf2 g4 20. g3 Qe7 21. Rhf1 h5 22. Rf4 Kb8 23. b4 Qg5 24. Kb2 Qe7 25. Nb3 b6 26. a4 Ng7 27. Rf6 Nf5 28. Rxf8+ Rxf8 29. a5 Nh6 30. a6 Nf5 31. Rf4 c6 32. b5 Qd7 33. bxc6 Qxc6 34. Qd3 Rc8 35. Rf1 Qc4 36. Qxc4 Rxc4 37. Ra1 Rc7 38. Rf1 Rf7 39. Nc1 Kc7 40. Nd3 Kd7 41. Rf4 Rg7 42. Kb3 Rg8 43. Nb4 Rf8 44. Ka4 Rf7 45. Kb5 Kc7 46. c4 dxc4 47. d5 exd5 48. Nxd5+ Kd8 49. Kxc4 Nh6 50. Rf6 Rxf6 51. exf6 Nf7 52. Nxb6 Kc7 53. Nd5+ Kd6 54. Nf4 Ne5+ 55. Kb5 Nf3 56. Nxh5 Nd4+ 57. Kc4 Nc6 58. Nf4 Nb8 59. Kb5 Kd7 60. Nd5 Ke6 61. Ne3 Kxf6 62. Nxg4+ Kf5 63. Nf2 Ke5 64. Nd3+ Kd5 65. Nb4+ Kd6 66. h4 1-0

[Event "CZE-chT1 East 0506"]
[Site "Czech Republic"]
[Date "2006.04.02"]
[Round "11.7"]
[White "Kocian, Karel"]
[Black "Jablecnik, Gustav"]
[Result "1/2-1/2"]
[WhiteElo "2175"]
[BlackElo "2234"]
[PlyCount "132"]
[EventDate "2005.10.23"]
[EventType "team"]
[EventRounds "11"]
[EventCountry "CZE"]
[SourceTitle "EXT 2008"]
[Source "ChessBase"]
[SourceDate "2007.11.25"]
[SourceVersion "1"]
[SourceVersionDate "2007.11.25"]
[SourceQuality "1"]

1. e4 e5 2. Nc3 Nf6 3. Nf3 Nc6 4. d4 exd4 5. Nxd4 Bc5 6. Nxc6 bxc6 7. Bd3 d6 8. Na4 Bb6 9. Nxb6 axb6 10. Bg5 h6 11. Bh4 Qe7 12. 0-0 Qe6 13. Qe2 Qg4 14. Qxg4 Nxg4 15. Rfe1 Ne5 16. Be2 Ba6 17. f4 Ng6 18. Bg3 Bxe2 19. Rxe2 0-0 20. e5 Rfe8 21. a3 Ra5 22. Rae1 dxe5 23. f5 Ne7 24. Bxe5 Nxf5 25. Bxc7 Rxe2 26. Rxe2 Ra6 27. Re8+ Kh7 28. Rb8 b5 29. Rb6 Ra7 30. Bb8 Ra8 31. Kf2 f6 32. c3 h5 33. Bc7 Re8 34. Rxc6 Ne3 35. Rc5 Ng4+ 36. Kf1 Ne3+ 37. Kg1 Ng4 38. Bg3 Rd8 39. Kf1 g5 40. h3 Ne3+ 41. Kg1 Rd1+ 42. Kf2 Nc4 43. Rxb5 Rd2+ 44. Kg1 Ne3 45. Bc7 Nxg2 46. a4 Ne3 47. a5 f5 48. a6 f4 49. Rxg5 f3 50. Bg3 Rg2+ 51. Kh1 Rxb2 52. Bh4 Ra2 53. Re5 Ra1+ 54. Kh2 Nf1+ 55. Kg1 Nd2+ 56. Kf2 Rxa6 57. Rxh5+ Kg6 58. Rg5+ Kh6 59. Rd5 Ne4+ 60. Kxf3 Nxc3 61. Bg5+ Kg6 62. Rc5 Ra3 63. Kg4 Ra4+ 64. Bf4 Ne2 65. Rg5+ Kf6 66. Rf5+ Kg6 1/2-1/2

[Event "CZE-chT1 East 0506"]
[Site "Czech Republic"]
[Date "2005.10.23"]
[Round "1.7"]
[White "Jablecnik, Gustav"]
[Black "Mrva, Marek"]
[Result "0-1"]
[WhiteElo "2234"]
[BlackElo "2179"]
[PlyCount "86"]
[EventDate "2005.10.23"]
[EventType "team"]
[EventRounds "11"]
[EventCountry "CZE"]
[SourceTitle "EXT 2008"]
[Source "ChessBase"]
[SourceDate "2007.11.25"]
[SourceVersion "1"]
[SourceVersionDate "2007.11.25"]
[SourceQuality "1"]

1. e4 c5 2. Bc4 Nc6 3. c3 Nf6 4. Qe2 d6 5. d3 e6 6. Bb3 Be7 7. f4 a6 8. Nf3 0-0 9. 0-0 Qc7 10. Be3 b5 11. Nbd2 d5 12. e5 Ng4 13. d4 Nxe3 14. Qxe3 Na5 15. Rfc1 Nc4 16. Bxc4 bxc4 17. b3 cxb3 18. Nxb3 Bd7 19. Nxc5 Bxc5 20. dxc5 Rfc8 21. Rab1 Bb5 22. Nd2 Qxc5 23. Qxc5 Rxc5 24. Kf2 Rac8 25. Rb3 g6 26. g3 Kg7 27. Nf3 Bc4 28. Rb2 Ra5 29. Nd2 Ra3 30. Ke1 h6 31. Nb3 Rb8 32. Rcb1 g5 33. Kd2 Kg6 34. Nc1 Rb5 35. Nb3 Ra4 36. Ke3 Bxb3 37. axb3 gxf4+ 38. Kd3 Re4 39. Rf1 fxg3 40. c4 Rxc4 41. bxc4 Rxb2 42. hxg3 Rb3+ 43. Kd4 Rb4 0-1

[Event "MOR-chT 0405"]
[Site "Czech Republic"]
[Date "2004.10.10"]
[Round "2.8"]
[White "Fuchs, Ludek"]
[Black "Jablecnik, Gustav"]
[Result "0-1"]
[WhiteElo "2098"]
[BlackElo "2226"]
[PlyCount "86"]
[EventDate "2004.10.09"]
[EventType "team"]
[EventRounds "11"]
[EventCountry "CZE"]
[SourceTitle "CBM 103 Extra"]
[Source "ChessBase"]
[SourceDate "2005.01.01"]
[SourceVersion "1"]
[SourceVersionDate "2005.01.01"]
[SourceQuality "1"]

1. d4 f5 2. g3 Nf6 3. Nf3 g6 4. c4 Bg7 5. Nc3 0-0 6. Bg2 d6 7. 0-0 Re8 8. d5 e5 9. dxe6 Bxe6 10. Ng5 Bxc4 11. Bxb7 Nbd7 12. Bxa8 Qxa8 13. Be3 Ng4 14. Qa4 Nxe3 15. fxe3 Nb6 16. Qc2 Rxe3 17. Qd2 Qe8 18. Rf3 Re7 19. e3 h6 20. Nh3 Bf7 21. b3 Qc6 22. e4 fxe4 23. Re3 d5 24. Rae1 d4 25. Rxe4 dxc3 26. Qd8+ Re8 27. Rxe8+ Bxe8 28. Rxe8+ Kh7 29. Re1 Nd5 30. Nf4 Bd4+ 31. Kf1 Nxf4 32. Qxd4 Qf3+ 33. Qf2 Qxf2+ 34. Kxf2 Nd3+ 35. Ke2 Nxe1 36. Kxe1 Kg7 37. Kd1 Kf6 38. Kc2 Kf5 39. Kxc3 Kg4 40. Kd4 Kh3 41. Ke5 Kxh2 42. Kf6 g5 43. Kg6 Kxg3 0-1

[Event "EU-chT Railways USIC"]
[Site "Dresden"]
[Date "2000.06.22"]
[Round "4.4"]
[White "Vnukov, Anatolij"]
[Black "Jablecnik, Gustav"]
[Result "1/2-1/2"]
[WhiteElo "2379"]
[BlackElo "2180"]
[PlyCount "92"]
[EventDate "2000.06.19"]
[EventType "team-swiss"]
[EventRounds "7"]
[EventCountry "GER"]
[SourceTitle "EXT 2002"]
[Source "ChessBase"]
[SourceDate "2001.11.25"]
[SourceVersion "1"]
[SourceVersionDate "2001.11.25"]
[SourceQuality "1"]
[WhiteTeam "Russia (USIC)"]
[BlackTeam "Czech Republic (USIC)"]
[WhiteTeamCountry "RUS"]
[BlackTeamCountry "CZE"]

1. e4 e5 2. Nf3 Nc6 3. Bb5 a6 4. Ba4 b5 5. Bb3 Bc5 6. c3 d6 7. d4 exd4 8. cxd4 Bb6 9. h3 h6 10. 0-0 Nge7 11. Be3 0-0 12. Nc3 Na5 13. Bc2 f5 14. b3 Qe8 15. exf5 Bxf5 16. Re1 Bxc2 17. Qxc2 Qg6 18. Qxg6 Nxg6 19. Nd5 Rab8 20. Rac1 c6 21. Nxb6 Rxb6 22. d5 c5 23. b4 Nb7 24. bxc5 Nxc5 25. Rxc5 dxc5 26. Bxc5 Rfb8 27. Bxb6 Rxb6 28. Nd4 Rd6 29. Re6 Rxd5 30. Rxg6 Rxd4 31. Rxa6 Rd1+ 32. Kh2 b4 33. f3 Ra1 34. Ra4 Rb1 35. Kg3 b3 36. axb3 Rxb3 37. Kg4 Rb6 38. f4 Rb7 39. Ra6 Kh7 40. f5 Rc7 41. Kh5 Rc2 42. g4 Rc3 43. h4 Rc5 44. Ra7 Rb5 45. Rf7 Ra5 46. g5 Rxf5 1/2-1/2

[Event "CZE-chT2 9900"]
[Site "Czech Republic"]
[Date "2000.??.??"]
[Round "?"]
[White "Cernousek, Lukas"]
[Black "Jablecnik, Gustav"]
[Result "1/2-1/2"]
[WhiteElo "2183"]
[BlackElo "2180"]
[PlyCount "156"]
[EventDate "1999.??.??"]
[EventType "team"]
[EventRounds "11"]
[EventCountry "CZE"]
[SourceTitle "EXT 2001"]
[Source "ChessBase"]
[SourceDate "2000.11.22"]
[SourceVersion "1"]
[SourceVersionDate "2000.11.22"]
[SourceQuality "1"]

1. e4 e5 2. Nf3 Nc6 3. Bc4 Be7 4. d4 d6 5. 0-0 Bg4 6. h3 Bh5 7. d5 Nb8 8. Bd3 Nd7 9. c4 Bxf3 10. Qxf3 Bg5 11. Nd2 Qf6 12. Qe2 h5 13. b4 Ne7 14. Nb3 Ng6 15. c5 dxc5 16. Bb5 0-0-0 17. Bxd7+ Rxd7 18. Nxc5 Rd6 19. Qb5 Rb6 20. Qd7+ Kb8 21. Qf5 Qxf5 22. exf5 Nf4 23. Nd7+ Kc8 24. Nxb6+ axb6 25. Bxf4 exf4 26. Rfe1 Kd7 27. Rad1 Be7 28. Re4 Bd6 29. a4 h4 30. Kf1 Rh5 31. Ke2 Rxf5 32. Kf3 Rg5 33. a5 b5 34. Red4 Rg6 35. Re1 f5 36. Re2 Rf6 37. Re1 g5 38. Red1 Be5 39. R4d3 Rg6 40. Rc1 Bd6 41. Rdc3 Rg8 42. a6 bxa6 43. Rc6 g4+ 44. hxg4 fxg4+ 45. Ke4 Re8+ 46. Kd4 g3 47. R1c2 gxf2 48. Rxf2 Re3 49. Rf3 Re2 50. Rh3 Rxg2 51. Rxh4 Rb2 52. Rxa6 Rxb4+ 53. Kc3 Re4 54. Ra8 Re7 55. Rb8 b4+ 56. Kc4 Rf7 57. Rhh8 Be7 58. Rh1 f3 59. Kd3 f2 60. Rf1 Bc5 61. Kc4 Bd6 62. Rg8 Rf4+ 63. Kb3 Be7 64. Ra8 Kd6 65. Ra2 Bh4 66. Rd2 Kc5 67. Rc2+ Kb5 68. Rxc7 Rf3+ 69. Kc2 Bf6 70. Rb7+ Kc4 71. d6 b3+ 72. Kb1 Rd3 73. Rc7+ Kb4 74. d7 Rd2 75. Rc8 Rb2+ 76. Kc1 Ra2 77. Rb8+ Kc3 78. Rc8+ Kb4 1/2-1/2

[Event "CZE-chT2 9900"]
[Site "Czech Republic"]
[Date "2000.??.??"]
[Round "?"]
[White "Jablecnik, Gustav"]
[Black "Benes, Petr"]
[Result "0-1"]
[WhiteElo "2180"]
[BlackElo "2155"]
[PlyCount "98"]
[EventDate "1999.??.??"]
[EventType "team"]
[EventRounds "11"]
[EventCountry "CZE"]
[SourceTitle "EXT 2001"]
[Source "ChessBase"]
[SourceDate "2000.11.22"]
[SourceVersion "1"]
[SourceVersionDate "2000.11.22"]
[SourceQuality "1"]

1. e4 d6 2. d4 Nf6 3. Nc3 c6 4. Nf3 Qa5 5. Bd2 Qc7 6. h3 b5 7. a3 a6 8. g3 e5 9. Bg2 Be7 10. 0-0 0-0 11. Bg5 Nbd7 12. Qe2 Nb6 13. Rfd1 Be6 14. b3 c5 15. d5 Bd7 16. Nd2 h6 17. Be3 Nh7 18. f4 exf4 19. gxf4 Qc8 20. Qh5 b4 21. axb4 cxb4 22. Ne2 Rb8 23. Nd4 Qc3 24. Qe2 Bf6 25. N2f3 Rfe8 26. Rxa6 Nxd5 27. Rd3 Qc8 28. Rxd6 Nc3 29. Rxc3 bxc3 30. e5 Be7 31. Ra6 Bc5 32. Ra1 Bxh3 33. Kh2 Bg4 34. Rg1 Qd8 35. Qf2 Bxf3 36. Bxf3 Bxd4 37. Bxd4 Rb4 38. Qg3 Ng5 39. Bxc3 Nxf3+ 40. Qxf3 Qh4+ 41. Qh3 Qxh3+ 42. Kxh3 Rxf4 43. Kg3 Re4 44. Kf3 f5 45. Rg2 g5 46. Bb2 Rd8 47. Rh2 Kh7 48. Bc1 Kg6 49. Re2 Rd1 0-1